Lector in fábula: la cooperación interpretativa en el texto narrativo

Guardat en:
Dades bibliogràfiques
Autor principal: Eco, Umberto (Autor)
Format: Llibre
Idioma:espanyol
Publicat: Barcelona Lumen 1993
Edició:3a. ed
Col·lecció:Colección Ensayo. Palabra en el Tiempo, 142
Matèries:
Etiquetes: Afegir etiqueta
Sense etiquetes, Sigues el primer a etiquetar aquest registre!

MARC

LEADER 00000nam a2200000 a 4500
001 UCT6122
003 CL-VaPUC
008 961230e19930000SP |||||||||||||||||spa|d
082 0 4 |a 401.41  |b ECO  |2 21 
100 0 |a Eco, Umberto  |e author  |9 375917 
245 1 0 |a Lector in fábula: la cooperación interpretativa en el texto narrativo 
250 |a 3a. ed 
300 |a 330 p 
942 |c BK 
945 |d 19961230 00:00:00  |a nastorga 
260 |a Barcelona  |b Lumen  |c 1993 
650 0 |a Análisis del discurso  |9 256696 
650 0 |a Semiótica  |9 265317 
583 |a last modification  |c 19961230 00:00:00  |k Rodrigo Vera 
490 0 |a Colección Ensayo. Palabra en el Tiempo, 142 
999 |c 254848  |d 254846 
952 |0 0  |1 0  |4 0  |6 401_410000000000000_ECO_1993  |7 0  |8 A  |9 276770  |a BIBCUR  |b BIBCUR  |d 2019-11-19  |i 3264564  |o 401.41 ECO 1993  |p 3264564  |r 2025-04-22  |w 2019-11-19  |y BK  |k PER